MARC

Tag First Indicator Second Indicator Subfields
LEADER 00000cam a2200000Ka 4500
001 in00002494530
005 20211202185404.0
006 m d f
008 081125s2008 dcu s f000 0 eng d
035 |a (OCoLC)ocn276359770 
040 |a GPO  |c GPO  |d MvI  |d UtOrBLW 
049 |a WWW 
074 |a 1051-H-11 (online) 
086 0 |a Y 3.N 88:25/6931/V.1-3 
100 1 |a Nowlen, S. P. 
245 1 0 |a Cable response to live fire (CAROLFIRE) /  |c prepared by S.P. Nowlen, F.J. Wyant. 
264 1 |a [Washington, D.C.] :  |b U.S. Nuclear Regulatory Commission, Office of Nuclear Regulatory Research,  |c 2008. 
300 |a 1 electronic text, (3 volumes) :  |b HTML, digital, PDF file. 
336 |a text  |b txt  |2 rdacontent 
337 |a computer  |b c  |2 rdamedia 
338 |a online resource  |b cr  |2 rdacarrier 
538 |a Mode of access: Internet from the NRC web site. Address as of 11/25/08: http://www.nrc.gov/reading-rm/doc-collections/nuregs/contract/cr6931/ ; current access available via PURL. 
500 |a Title from volume 1 PDF title screen (viewed on Nov. 25, 2008). 
500 |a "Prepared by K. McGrattan"--Volume 3. 
500 |a "Sandia National Laboratories, Risk and Reliability Analysis Department 6761." 
500 |a "National Institute of Standards and Technology, Building and Fire Research Laboratory"--Volume 3. 
500 |a "Date published: April 2008." 
505 0 |a v.1. Test descriptions and analysis of circuit response data -- v. 2. Cable fire response data for fire model improvement -- v. 3. Thermally-induced electrical failure (THIEF) model. 
500 |a Electronic resource. 
650 0 |a Electric cables  |x Thermal properties. 
650 0 |a Nuclear reactors  |x Materials  |x Thermal properties. 
700 1 |a Wyant, Francis J. 
700 1 |a McGrattan, Kevin B. 
710 2 |a U.S. Nuclear Regulatory Commission.  |b Office of Nuclear Regulatory Research. 
710 2 |a Sandia National Laboratories.  |b Risk and Reliability Analysis Department 6761. 
710 2 |a Building and Fire Research Laboratory (U.S.) 
856 4 0 |u https://purl.fdlp.gov/GPO/LPS100395  |t 0 
999 |a MARS 
999 f f |s fb1c6e8c-f601-31e7-b42d-2f9f5fc9bc38  |i 81b60c11-5aa7-33a9-bef7-1cbb05bb9f85  |t 0 
952 f f |a Texas A&M University  |b College Station  |c Electronic Resources  |d Available Online  |t 0  |e Y 3.N 88:25/6931/V.1-3  |h Superintendent of Documents classification 
998 f f |a Y 3.N 88:25/6931/V.1-3  |t 0  |l Available Online